<?xml version="1.0" encoding="UTF-8"?>
<record
    xmlns:xsi="http://www.w3.org/2001/XMLSchema-instance"
    xsi:schemaLocation="http://www.loc.gov/MARC21/slim http://www.loc.gov/standards/marcxml/schema/MARC21slim.xsd"
    xmlns="http://www.loc.gov/MARC21/slim">

  <leader>04622nam a2200445 a 4500</leader>
  <controlfield tag="001">dia_1355</controlfield>
  <controlfield tag="003">CHAP</controlfield>
  <controlfield tag="005">20250623184224.0</controlfield>
  <controlfield tag="007">ta</controlfield>
  <controlfield tag="008">220117s1973    sp ado fr     001 0 spa d</controlfield>
  <datafield tag="010" ind1=" " ind2=" ">
    <subfield code="a">171903</subfield>
  </datafield>
  <datafield tag="020" ind1=" " ind2=" ">
    <subfield code="a">84-200-0306-9</subfield>
  </datafield>
  <datafield tag="040" ind1=" " ind2=" ">
    <subfield code="c">CHAP</subfield>
    <subfield code="a">mxchpua</subfield>
    <subfield code="e">rda</subfield>
  </datafield>
  <datafield tag="041" ind1=" " ind2=" ">
    <subfield code="a">spa</subfield>
    <subfield code="b">spa</subfield>
    <subfield code="f">spa</subfield>
    <subfield code="h">eng</subfield>
  </datafield>
  <datafield tag="050" ind1="1" ind2=" ">
    <subfield code="a">QR115</subfield>
    <subfield code="b">.J39 1973</subfield>
  </datafield>
  <datafield tag="082" ind1=" " ind2=" ">
    <subfield code="2">20</subfield>
    <subfield code="a">576.163 </subfield>
    <subfield code="b">J39 1973</subfield>
  </datafield>
  <datafield tag="100" ind1="1" ind2=" ">
    <subfield code="a">Jay, James M.</subfield>
    <subfield code="9">61253</subfield>
  </datafield>
  <datafield tag="240" ind1="1" ind2="0">
    <subfield code="a">Modern food microbiology.</subfield>
    <subfield code="l">Espa&#xF1;ol</subfield>
  </datafield>
  <datafield tag="245" ind1="1" ind2="0">
    <subfield code="a">Microbiolog&#xED;a moderna de los alimentos /</subfield>
    <subfield code="c"> James M. Jay ;  traductor Jos&#xE9; Tormo Iguacel</subfield>
  </datafield>
  <datafield tag="250" ind1=" " ind2=" ">
    <subfield code="a">1a edici&#xF3;n</subfield>
  </datafield>
  <datafield tag="264" ind1=" " ind2=" ">
    <subfield code="a">Espa&#xF1;a :</subfield>
    <subfield code="b">Acribia,</subfield>
    <subfield code="c">1973</subfield>
  </datafield>
  <datafield tag="300" ind1=" " ind2=" ">
    <subfield code="a">vi, 319 p&#xE1;ginas :</subfield>
    <subfield code="b">ilustraciones, gr&#xE1;ficas, diagramas, tablas, fotos</subfield>
  </datafield>
  <datafield tag="336" ind1=" " ind2=" ">
    <subfield code="2">rdacontent</subfield>
    <subfield code="a">texto</subfield>
    <subfield code="b">txt</subfield>
  </datafield>
  <datafield tag="337" ind1=" " ind2=" ">
    <subfield code="2">rdamedia</subfield>
    <subfield code="a">no mediado</subfield>
    <subfield code="b">n</subfield>
  </datafield>
  <datafield tag="338" ind1=" " ind2=" ">
    <subfield code="2">rdacarrier</subfield>
    <subfield code="a">volumen</subfield>
    <subfield code="b">nc</subfield>
  </datafield>
  <datafield tag="504" ind1=" " ind2=" ">
    <subfield code="a">Incluye bibliograf&#xED;as</subfield>
  </datafield>
  <datafield tag="505" ind1="0" ind2=" ">
    <subfield code="a">1. Historia de los microorganismos de los alimentos --
2. Papel y significado de los microorganismos en la naturaleza y en los alimentos --
3. Par&#xE1;metros intr&#xED;nsecos y extr&#xED;nsecos relacionados con la Microbiolog&#xED;a de los alimentos --
4. Incidencia y tipos de microorganismos presentes en los alimentos --
5. Deterioro de los alimentos: alteraciones de frutas y verduras --
6. Deterioro de los alimentos: alteraciones de las carnes frescas y curadas, aves, pescados y mariscos --
7. Alteraciones de otros alimentos --
8. Conservaci&#xF3;n de alimentos por agentes qu&#xED;micos --
9. Empleo de las radiaciones en la conservaci&#xF3;n de los alimentos --
10. Conservaci&#xF3;n de alimentos por bajas temperaturas --
11. Conservaci&#xF3;n de alimentos por altas temperaturas --
12. Conservaci&#xF3;n de alimentos por deshidrataci&#xF3;n (desecaci&#xF3;n) --
13. Indices de calidad higi&#xE9;nica de los alimentos y estandards microbiol&#xF3;gicos --
14. Toxiinfecciones alimenticias causadas por cocos gram positivos --
15. Toxiinfecciones alimenticias causadas por bacterias esporuladas gram positivas --
16. Intoxicaciones alimenticias causadas por bacterias gram negativas --
17. otros procesos originados por los alimentos con exclusion de las intoxicaciones bacterianas --
18. Caracter&#xED;sticas y crecimiento de los microorganismos psicr&#xF3;filos --
19. Caracter&#xED;sticas y cultivo de los microorganismos term&#xF3;filos --
20. Naturaleza de la resistencia de los microorganismos a las radiaciones --
Ap&#xE9;ndice --
&#xCD;ndice de materias</subfield>
  </datafield>
  <datafield tag="520" ind1="2" ind2=" ">
    <subfield code="a">Este libro est&#xE1; especialmente proyectado para un segundo curso de Microbiolog&#xED;a del plan de estudios de Artes Liberales, Ciencias de los alimentos o Econom&#xED;a dom&#xE9;stica. Es conveniente poseer ciertos cono cimientos previos de bioqu&#xED;mica y qu&#xED;mica org&#xE1;nica, aunque los estudiantes con una buena formaci&#xF3;n de biolog&#xED;a y qu&#xED;mica a nivel de ense&#xF1;anza secundaria, est&#xE1;n capacitados para comprender muchos temas. Comienza con una breve historia sobre la presencia y papel de los microorganismos en la naturaleza y en los alimentos. Los microorganismos transmitidos por los alimentos se consideran comprendidos dentro del ciclo de los elementos constituyentes de la materia org&#xE1;nica. Los g&#xE9;neros de los organismos m&#xE1;s frecuentemente encontrados se describen en uno de los primeros cap&#xED;tulos, junto con los par&#xE1;metros intr&#xED;nsecos y extr&#xED;nsecos que influyen en su crecimiento y actividad. Los cap&#xED;tulos dedicados a las alteraciones de los alimentos se ocupan de la composici&#xF3;n qu&#xED;mica general de los diversos productos, con el fin de resaltar las relaciones ecol&#xF3;gicas entre estos alimentos y los microorganismos que les afectan, y facilitar el conocimiento general de las propiedades f&#xED;sicas y qu&#xED;micas de los alimentos, indispensable para una adecuada comprensi&#xF3;n de su microbiolog&#xED;a. En los cap&#xED;tulos sobre alteraciones, conservaci&#xF3;n e intoxicaciones producidas por los alimentos, destaca la acci&#xF3;n rec&#xED;proca entre los par&#xE1;metros ecol&#xF3;gicos que influyen en la contaminaci&#xF3;n y las posibilidades de conservaci&#xF3;n de los alimentos. Los tres &#xFA;ltimos cap&#xED;tulos se dedican a la biolog&#xED;a molecular de algunos microorganismos transmitidos por alimentos.</subfield>
  </datafield>
  <datafield tag="650" ind1="1" ind2="3">
    <subfield code="a">Preservaci&#xF3;n de alimentos</subfield>
    <subfield code="9">144378</subfield>
    <subfield code="2">atg</subfield>
  </datafield>
  <datafield tag="650" ind1="1" ind2="3">
    <subfield code="a">Microbiolog&#xED;a</subfield>
    <subfield code="2">atg</subfield>
    <subfield code="9">75490</subfield>
  </datafield>
  <datafield tag="650" ind1="1" ind2="3">
    <subfield code="a">Microbiolog&#xED;a alimentaria</subfield>
    <subfield code="9">144094</subfield>
    <subfield code="2">atg</subfield>
  </datafield>
  <datafield tag="650" ind1="1" ind2="3">
    <subfield code="a">Microbiology</subfield>
    <subfield code="9">150556</subfield>
    <subfield code="2">atg</subfield>
  </datafield>
  <datafield tag="650" ind1="1" ind2="3">
    <subfield code="a">Food microbiology  </subfield>
    <subfield code="9">147891</subfield>
    <subfield code="2">atg</subfield>
  </datafield>
  <datafield tag="650" ind1="1" ind2="3">
    <subfield code="a">Food preservation  </subfield>
    <subfield code="9">147769</subfield>
    <subfield code="2">atg</subfield>
  </datafield>
  <datafield tag="700" ind1="1" ind2=" ">
    <subfield code="a">Tormo Iguacel, Jos&#xE9;</subfield>
    <subfield code="9">150592</subfield>
    <subfield code="e">traductor</subfield>
  </datafield>
  <datafield tag="901" ind1=" " ind2=" ">
    <subfield code="a">576.163 J39 1973</subfield>
  </datafield>
  <datafield tag="902" ind1=" " ind2=" ">
    <subfield code="a">M</subfield>
  </datafield>
  <datafield tag="905" ind1=" " ind2=" ">
    <subfield code="a">5232271973                          sp admn8222223322spa16</subfield>
  </datafield>
  <datafield tag="942" ind1=" " ind2=" ">
    <subfield code="c">LIBRO</subfield>
    <subfield code="2">ddc</subfield>
  </datafield>
  <datafield tag="999" ind1=" " ind2=" ">
    <subfield code="c">171903</subfield>
    <subfield code="d">171903</subfield>
  </datafield>
  <datafield tag="952" ind1=" " ind2=" ">
    <subfield code="0">0</subfield>
    <subfield code="1">0</subfield>
    <subfield code="2">ddc</subfield>
    <subfield code="4">0</subfield>
    <subfield code="5">5</subfield>
    <subfield code="7">0</subfield>
    <subfield code="8">GRAL</subfield>
    <subfield code="a">IA_</subfield>
    <subfield code="b">IA_</subfield>
    <subfield code="e">Compra </subfield>
    <subfield code="l">3</subfield>
    <subfield code="o">576.163 J39 1973</subfield>
    <subfield code="p">1102000485</subfield>
    <subfield code="r">2024-05-20 00:00:00</subfield>
    <subfield code="s">2024-05-20</subfield>
    <subfield code="t">Ej. 4</subfield>
    <subfield code="y">LIBRO</subfield>
  </datafield>
  <datafield tag="952" ind1=" " ind2=" ">
    <subfield code="0">1</subfield>
    <subfield code="1">0</subfield>
    <subfield code="2">ddc</subfield>
    <subfield code="4">0</subfield>
    <subfield code="7">0</subfield>
    <subfield code="8">GRAL</subfield>
    <subfield code="a">IA_</subfield>
    <subfield code="b">IA_</subfield>
    <subfield code="d">2022-01-18</subfield>
    <subfield code="e">Perdido</subfield>
    <subfield code="f">Sustituido</subfield>
    <subfield code="l">0</subfield>
    <subfield code="o">576.163 J39 1973</subfield>
    <subfield code="r">2022-01-18 00:00:00</subfield>
    <subfield code="w">2022-01-18</subfield>
    <subfield code="y">LIBRO</subfield>
  </datafield>
  <datafield tag="952" ind1=" " ind2=" ">
    <subfield code="0">0</subfield>
    <subfield code="1">0</subfield>
    <subfield code="2">ddc</subfield>
    <subfield code="4">0</subfield>
    <subfield code="5">1</subfield>
    <subfield code="7">0</subfield>
    <subfield code="8">GRAL</subfield>
    <subfield code="a">IA_</subfield>
    <subfield code="b">IA_</subfield>
    <subfield code="e">Compra</subfield>
    <subfield code="l">0</subfield>
    <subfield code="o">576.163  J39 1973</subfield>
    <subfield code="p">1102000483</subfield>
    <subfield code="r">2022-01-18 00:00:00</subfield>
    <subfield code="t">Ej. 1</subfield>
    <subfield code="y">LIBRO</subfield>
  </datafield>
  <datafield tag="952" ind1=" " ind2=" ">
    <subfield code="0">0</subfield>
    <subfield code="1">0</subfield>
    <subfield code="2">ddc</subfield>
    <subfield code="4">0</subfield>
    <subfield code="5">5</subfield>
    <subfield code="7">0</subfield>
    <subfield code="8">GRAL</subfield>
    <subfield code="a">IA_</subfield>
    <subfield code="b">IA_</subfield>
    <subfield code="e">Compra </subfield>
    <subfield code="l">5</subfield>
    <subfield code="o">576.163 J39 1973</subfield>
    <subfield code="p">1102000484</subfield>
    <subfield code="r">2023-05-11 00:00:00</subfield>
    <subfield code="s">2023-05-11</subfield>
    <subfield code="t">Ej. 3</subfield>
    <subfield code="y">LIBRO</subfield>
  </datafield>
</record>
